00628cam a22002171 4500008004100000020002300041050001200064100002100076245007000097250001200167260002800179300003200207440003000239500002000269504004100289650001700330700003600347003000100383005001700384040000900401  a0304317349 (pbk. )00aT50 GAL1 aGalyer, J. F. W.10aMetrology for engineers /cby J. F. W. Galyer and C. R. Shotbolt. a5th ed. aLondon :bCassellc1990 av, 291 p. :bill. ;c25 cm. 2aA Cassell technical book. aIncludes index. aIncludes bibliographical references. 0aMensuration.1 aShotbolt, C. R.,ejoint author.20230123134202.0 cNUST